ARRUPE JESUIT UNIVERSITY

CORONAVIRUS -STOP THE SPREAD - CLEAN,DISINFECT,COVER

Prince Henry the Navigator (Record no. 3838)

MARC details
000 -LEADER
fixed length control field 00588nam a2200217Ia 4500
003 - CONTROL NUMBER IDENTIFIER
control field 0100
008 - FIXED-LENGTH DATA ELEMENTS--GENERAL INFORMATION
fixed length control field 130227s9999 xx 000 0 und d
040 ## - CATALOGING SOURCE
Transcribing agency ARRUPELIB
050 ## - LIBRARY OF CONGRESS CALL NUMBER
Classification number G286.H5B3
100 ## - MAIN ENTRY--PERSONAL NAME
Personal name Beazley, Charles Raymond
9 (RLIN) 35889
245 ## - TITLE STATEMENT
Title Prince Henry the Navigator
245 ## - TITLE STATEMENT
Remainder of title The hero of Portugal and of modern discovery 1395-1460 A.D.
260 ## - PUBLICATION, DISTRIBUTION, ETC. (IMPRINT)
Place of publication, distribution, etc Charleston, US
260 ## - PUBLICATION, DISTRIBUTION, ETC. (IMPRINT)
Name of publisher, distributor, etc BiblioBazaar
300 ## - PHYSICAL DESCRIPTION
Extent 284p
300 ## - PHYSICAL DESCRIPTION
Other physical details 22cm
440 ## - SERIES STATEMENT/ADDED ENTRY--TITLE
Title BiblioBazaar reproductive series
9 (RLIN) 35890
600 ## - SUBJECT ADDED ENTRY--PERSONAL NAME
Personal name Henry the Navigator
9 (RLIN) 35891
650 ## - SUBJECT ADDED ENTRY--TOPICAL TERM
Topical term following geographic name as entry element Discoveries (in geography)
9 (RLIN) 24030
942 ## - ADDED ENTRY ELEMENTS (KOHA)
Source of classification or shelving scheme Library of Congress Classification
Item type Monograph ( Printed materials)
Holdings
Withdrawn status Lost status Source of classification or shelving scheme Damaged status Not for loan Collection code Home library Current library Shelving location Date acquired Total Checkouts Full call number Barcode Date last seen Copy number Price effective from Koha item type
    Library of Congress Classification     Main Collection ARRUPE LIBRARY ARRUPE LIBRARY   27/02/2013   G286.H5B3 46405003 11/04/2018 1 27/02/2013 Monograph ( Printed materials)

 

Arrupe Library. PO Box MP320 Mt Pleasant, Harare, Zimbabwe
263 242 745411|librarian@aju.ac.zw